| 000 | 00645nam a22002057a 4500 | ||
|---|---|---|---|
| 003 | OSt | ||
| 005 | 20251117141834.0 | ||
| 008 | 250704b |||||||| |||| 00| 0 eng d | ||
| 020 | _a9786214160532 | ||
| 040 |
_aDWCL - Main lib _cOC |
||
| 082 | _aFil. 657.042 V173p 2018 | ||
| 100 | _aValix, Conrado T. | ||
| 245 |
_a Practical financial accounting, volume one/ _cConrado T. Valix |
||
| 250 | _a2018 revised edition. | ||
| 260 |
_a Manila : _b GIC Enterprises & Co., _cc2018. |
||
| 300 |
_a765 pages ; _c 22 cm. |
||
| 650 | _a1. Accounting. | ||
| 700 | _aChristian Aris M. Valix | ||
| 942 |
_2ddc _cBK - FIL _e2018 revised edition. _kFil. _n0 |
||
| 999 |
_c3375 _d3375 |
||